LEADER 01030nam a2200265 i 4500 001 000000078848 003 CaOOAMICUS 005 20161027000000.0 008 161027s1955 it u000 u ita u 013 $a51085 040 $aSeMil$bita 100 1 $aThibon, Gustave,$d<1903-2001>.$0(OLS)http://semarc/name/23445 240 13$aLa vie à deux.$0(OLS)http://semarc/title/127027 245 10$aVivere in due /$cGustave Thibon ; traduzione di Luciano Tamburini. 260 $aRoma :$bBorla,$ccopyr. 1955. 300 $a131 p. ;$c17 cm. 490 0 $aLa spiga ;$v2 650 4$aMatrimonio.$0(OLS)http://semarc/subject/833 700 1 $aTamburini, Luciano.$0(OLS)http://semarc/name/2761 830 3$aLa spiga ;$v2.$0(OLS)http://semarc/title/25952 850 $aSeMil 852 $aSeMil$W1$xVenegono$y1$m3F V 177$j44652$B44652$CSeMilBibl$Z2$F46444 $81 961 $aRecupero: Seminario di Seveso 996 $6245$aVivere in due$9(OLS)http://semarc/title/127026 996 $6260$aRoma :$bBorla$9(OLS)http://semarc/publisher/29677 LEADER 01126nam a2200289 4500 001 000000347851 003 CaOOAMICUS 005 20211123124823.0 008 210915s2021 it a 000 u ita r 020 $a978-88-929806-4-8 040 $aSeMil$bita 245 00$a1: I quattro Vangeli. 264 1$aMilano :$bAres,$c2021. 300 $aXXV, 1088 p. :$bill. ;$c22 cm 541 0 $aOmaggio mons. Mario Delpini (SL1.R V 60) 546 $aIn italiano con testo a fronte in latino 650 4$aBibbia - NT - Navarra.$0(OLS)http://semarc/subject/50966 650 4$aBibbia. Nuovo Testamento. Vangeli.$0(OLS)http://semarc/subject/273 773 0 $tBibbia di Navarra.$dMilano : Ares, 2021.$g1$w()347849 850 $aSeMil 852 $aSeMil$W1$xVenegono$y1$mSL1.R V 60$j230181$B238896$CSeMilBibl$Z2$F238896 $8I 941 1 $a7 961 $aOmaggio mons. Mario Delpini 996 $6020$a978-88-929806-4-8$9(OLS)http://semarc/number/294112 996 $6245$a1: I quattro Vangeli$9(OLS)http://semarc/title/437154 996 $6264$aMilano :$bAres$9(OLS)http://semarc/publisher/30250